Etiqueta de registo: 00548cam 22001931 450
001 298553
003 http://id.bnportugal.gov.pt/bib/catbnp/298553
005 19981228000000.0
095 ## $aPTBN00310519
100 ## $a19000001d1930 m y0pora0103 ba
101 0# $afre
102 ## $aFR
200 1# $a La vraie Mata Hari$ecourtisane et espionne$fCharles S. Heymans$gpréf. de Louis Dumur
210 #9 $aParis$cProméthée,$d1930
215 ## $aXXIII, 408 p.$d19 cm
700 #1 $aHeymans,$bCharles S.$3456702
702 #1 $aDumur,$bLouis,$f1863-1933$4080$3180555
801 #0 $aPT$bBN$gRPC
966 ## $lBN$mFGMON$sB.R. 9737
966 ## $lBN$mFGMON$sL. 31806 P.
Etiqueta de registo: 00542cam 2200181 450
001 538027
003 http://id.bnportugal.gov.pt/bib/catbnp/538027
005 19990103000000.0
095 ## $aPTBN00741101
100 ## $a19950612d1932 m y0pory0103 ba
101 1# $apor$cfre
102 ## $aPT
200 1# $a O carrasco de Verdum$fLouis Dumur$gtrad. José Ribeiro dos Santos
210 #9 $a[S.l.$cs.n.],$d1932$eLisboa :$g[Imp. nos Ateliers Gráficos])
215 ## $a274 p.$d19 cm
700 #1 $aDumur,$bLouis,$f1863-1933$3180555
702 #1 $aSantos,$bJosé Ribeiro dos,$f1908-$4730$3115158
801 #0 $aPT$bBN$gRPC
966 ## $lBN$mFGMON$sL. 24332 P.
Etiqueta de registo: 00254nam 2200025 450
001 2284997
003 http://id.bnportugal.gov.pt/bib/catbnp/2284997
010 ## $a978-989-9130-60-9
021 ## $aPT$b558355/25
100 ## $a20260422d2026 m y0pory01030103ba
101 1# $apor$cfre
102 ## $aPT
105 ## $ay z 000yy
106 ## $ar
200 1# $a O carrasco de Verdun$fLouis Dumur$gtrad. José Ribeiro dos Santos
205 ## $a1ª ed
210 #9 $aSilveira$cE-Primatur,$d2026
215 ## $a384 p.$d20 cm
304 ## $aTít. orig.: Le boucher de Verdun
700 #1 $aDumur,$bLouis,$f1863-1933$3180555
702 #1 $92$aSantos,$bJosé Ribeiro dos$4730$31996589
801 #0 $aPT$bBN$gRPC
966 ## $lBN$mFGMON$x1
966 ## $lBN$mFGMON$x1
971 ## $cssilva$d20260422